000 01236nam a2200301Ia 4500
001 ebr10231485
003 CaPaEBR
006 m u
007 cr cn|||||||||
008 080623s2008 enka sb 000 0 eng d
020 _z9781841501918
020 _z1841501913
040 _aCaPaEBR
_cCaPaEBR
035 _a(OCoLC)560664223
050 1 4 _aN72.T4
_bE38 2008eb
245 0 0 _aEducating artists for the future
_h[electronic resource] :
_blearning at the intersections of art, science, technology, and culture /
_cMel Alexenberg, editor.
260 _aBristol, U.K. ;
_aChicago, Ill. :
_bIntellect,
_c2008.
300 _a344 p. :
_bill.
504 _aIncludes bibliographical references.
533 _aElectronic reproduction.
_bPalo Alto, Calif. :
_cebrary,
_d2009.
_nAvailable via World Wide Web.
_nAccess may be limited to ebrary affiliated libraries.
650 0 _aArt and technology.
650 0 _aArtists
_xPhilosophy.
650 0 _aArt and design
_xStudy and teaching (Higher)
655 7 _aElectronic books.
_2local
700 1 _aAlexenberg, Melvin L.
710 2 _aebrary, Inc.
856 4 0 _uhttp://site.ebrary.com/lib/rucke/Doc?id=10231485
_zAn electronic book accessible through the World Wide Web; click to view
999 _c39746
_d39746